000 00600nam a2200145Ia 4500
008 151213s9999 xx 000 0 und d
100 _aড: এস . এম. লুৎফর রহমান।
245 _aবাউল তত্ত্ব ও বাউল গান।
_cড: এস . এম. লুৎফর রহমান।
260 _aঢাকা
_bধারনী সাহিত্য সংসদ।১৯৯০
300 _a8749 p.
650 _aBangla
650 _aবাউল তত্ত্ব
700 _aড: এস . এম. লুৎফর রহমান।
999 _c4534
_d4534